Arifmetičeskije igry i upražnenija : posobije dlja učitelej načal´noj školy /

Uložené v:
Podrobná bibliografia
Hlavný autor: Gel´fan, Jefim Moisejevič
Médium: Kniha
Jazyk:Russian
Vydané: Moskva : Prosveščenije, 1968.
ISBN: (brož.)
Fyzický popis: 110 s.
Tagy: Pridať tag
Žiadne tagy, Buďte prvý kto otaguje tento záznam!

MARC

LEADER 00000nam a2200000 a 4500
001 000097607
005 20091017224407.0
008 970107s1968 ru f rus d
020 |a (brož.) 
040 |a SVKKK  |b slo  |c SVKKK  |e AACR2 
041 0 |a rus 
044 |a ru  |c RU 
100 1 |a Gel´fan, Jefim Moisejevič 
245 1 0 |a Arifmetičeskije igry i upražnenija :  |b posobije dlja učitelej načal´noj školy /  |c Jefim Moisejevič Gel´fan. 
260 |a Moskva :  |b Prosveščenije,  |c 1968. 
300 |a 110 s. 
910 |a svkkk 
998 |a BK 
090 |g SCKHL  |k Sklad Pribinova 2. posch.  |a II.178604  |j 419389  |i 97607-10  |s Absenčne